000 00767cam a2200193 4500
001 WS104711
008 000000n 000 0 eng u
035 _a(Sirsi) u104711
110 _aEuropean Committee of Construction Economists
_93842
245 _aEuropean Committee of Construction Economists
520 _aWeb site for this organisation which is made up of representatives of professional bodies in Europe. The UK representative is the RICS. It includes an excellent glossary of terms.
650 _aEUROPE
650 _aCONSTRUCTION ECONOMICS
650 _aINTERNATIONAL
650 _aORGANISATION
690 _aBUILDING AND CONSTRUCTION-ECONOMICS
856 4 0 _uhttps://www.ceec.org/
_zView the website free of charge at www.ceec.org/...
942 _n0
999 _c119447
_d119447